000 00554nam a2200193 a 4500
005 20140310183434.0
008 080116s19uu xx 00 eng d
020 _a9780538729345
050 _aHB 615
_b.G83 2007
100 _aGreene, Cynthia L.
245 _aExploring entrepreneurship and economics /
_cCynthia L. Greene.
260 _aAustralia :
_bThomson South-Western,
_c2007.
300 _a261 p. :
_bill. col. ;
_c28 cm.
521 _aBSBA
650 _aEntrepreneurship.
650 _aEconomics.
942 _cBK
_2lcc
_kFOR
999 _c22803
_d22803